| 000 | 01186cad a22002535a 4500 | ||
|---|---|---|---|
| 001 | E148417 | ||
| 008 | 090915s2009 xxk l f000 0 eng u | ||
| 035 | _a(Sirsi) u148417 | ||
| 041 | 0 | _aeng | |
| 050 | 0 | 4 | _a711.1 $2 18 |
| 110 | 2 |
_aUnited Kingdom _kLaws, etc. _95044 |
|
| 245 | 0 | 4 |
_aThe Planning (Listed Buildings and Conservation Areas) (Amendment) (England) Regulations 2009 _h[electronic resource] |
| 260 |
_aLondon _bOPSI _c2009 |
||
| 490 | 0 |
_aSI _v2009: 2262 |
|
| 520 | _aThese Regulations amend, in relation to England, regulations 3 and 3A of the Planning (Listed Buildings and Conservation Areas) Regulations 1990 (S.I. 1990: 1519), relating to applications for listed building and conservation area consent. Comes into force on 1 October 2009. | ||
| 521 | _aAdvanced | ||
| 590 | _aKA | ||
| 650 | 2 | 4 | _aPLANNING ACT 2008 |
| 650 | 2 | 4 | _aPLANNING (LISTED BUILDINGS AND CONSERVATION AREAS) (AMENDMENT) (ENGLAND) REGULATIONS 2009 |
| 651 | 4 |
_aEngland _y886- |
|
| 690 | _aENVIRONMENTAL AND LAND CONSULTANCY-PLANNING AND DEVELOPMENT | ||
| 856 | 4 | 0 |
_uhttps://www.opsi.gov.uk/si/si2009/uksi_20092262_en_1 _zView the Regulations free of charge at www.opsi.gov.uk... |
| 942 | _n0 | ||
| 999 |
_c110042 _d110042 |
||